Sports Quiz

Random Sports or Football Quiz

FA Premiership (Premier League) XIs 1993-94 Quiz Stats

 Plays Quiz not verified by Sporcle

Challenge
Share
Tweet
Embed
Score 0/242 Timer 20:00
1 Play Today
% Correct
David Seaman
97.8%
Tony Adams
97.8%
Micky Adams
97.8%
Ian Wright
97.5%
Alan Shearer
97.2%
Mark Wright
97.2%
Chris Sutton
97.2%
Lee Dixon
96.9%
Nigel Winterburn
96.7%
Rob Jones
96.7%
Eric Cantona
96.7%
Mark Hughes
96.7%
Vinnie Jones
96.7%
Tim Flowers
96.4%
Denis Irwin
96.4%
Ryan Jones
96.1%
Peter Schmeichel
95.8%
Gary Pallister
95.8%
Ryan Giggs
95.8%
Martin Keown
95.5%
Steve Bruce
95.3%
Paul Ince
95.3%
Garry Parker
93.6%
Colin Hendry
93.6%
Robbie Fowler
93.6%
Paul Parker
93.6%
Les Ferdinand
93.6%
Neville Southall
93.3%
Ian Rush
93.3%
Graeme Le Saux
93%
Tim Sherwood
93%
Andy Cole
93%
Peter Beardsley
92.5%
Paul Merson
92.2%
Gary Kelly
91.4%
Alan Kelly
91.4%
Matthew Le Tissier
91.4%
Kevin Campbell
91.1%
Niall Quinn
91.1%
Roy Keane
91.1%
David Batty
90.8%
Micky Quinn
90.8%
Gary Speed
90.5%
Robert Lee
90.5%
Mark Bosnich
90.3%
Dave Watson
90.3%
Andrei Kanchelskis
90.3%
Sol Campbell
90.3%
John Barnes
90%
Steve Watson
90%
Stuart Ripley
89.4%
Dennis Wise
89.4%
Gary McAllister
89.4%
Steve McManaman
89.4%
Lee Clark
89.4%
Brian Deane
89.1%
Paul McGrath
88.9%
Dean Saunders
88.9%
Bruce Grobbelaar
88.9%
Jostein Flo
88.9%
Gavin Peacock
88.6%
Darren Peacock
88.6%
Teddy Sheringham
88.3%
Trevor Sinclair
88%
Frank Sinclair
87.7%
Jason Wilcox
87.5%
Neil Ruddock
87.5%
Dalian Atkinson
87.2%
Henning Berg
87.2%
Rod Wallace
87.2%
Ray Parlour
86.9%
Steve Ogrizovic
86.9%
Bryan Gunn
86.4%
Des Walker
86.4%
Jamie Redknapp
86.1%
Graeme Sharp
86.1%
Mark Bright
85.8%
Ruel Fox
85.5%
Pavel Srníček
85.2%
Kevin Gallacher
85%
Steve Staunton
84.1%
% Correct
Kevin Pressman
84.1%
Andy Townsend
83.6%
Tony Cottee
83.3%
Warren Barton
83.3%
Dmitri Kharine
83%
Gordon Strachan
83%
Darren Anderton
83%
Steve Clarke
82.5%
John Jensen
81.9%
Dean Holdsworth
81.1%
Tony Coton
80.8%
Chris Bart-Williams
80.8%
Gary Mabbutt
80.8%
John Fashanu
80.8%
Tony Dorigo
80.5%
Julian Dicks
79.7%
Hans Segers
79.7%
Jan Åge Fjørtoft
79.4%
Andy Pearce
79.1%
John Williams
78.8%
Robbie Earle
78.8%
Mark Stein
78.3%
Geraint Williams
78.3%
John Scales
78.3%
Kevin Richardson
77.2%
Justin Edinburgh
77.2%
Phil Babb
76.9%
Graham Stuart
76.6%
Earl Barrett
76.3%
David May
76.3%
Francis Benali
76.3%
Paul Allen
75.5%
Luděk Mikloško
75.2%
Shaun Teale
74.7%
Shaun Taylor
74.4%
Eddie Newton
74.1%
Nick Barmby
74.1%
Carlton Palmer
73.5%
Mike Marsh
73.5%
Steve Palmer
73.3%
Efan Ekoku
73.3%
Dave Beasant
73.3%
Clive Wilson
73%
Erik Thorstvedt
73%
Lee Chapman
73%
Craig Forrest
72.7%
John Wark
72.7%
Keith Curle
72.7%
Ray Wilkins
72.7%
Ray Houghton
72.4%
John Beresford
72.4%
David Burrows
72.4%
Andy Hinchcliffe
71.9%
Jeremy Goss
71.6%
Iain Dowie
71.6%
David Wetherall
71.3%
Chris Fairclough
70.8%
Ken Monkou
69.9%
Ian Marshall
69.6%
Andy Sinton
69.6%
Brian Borrows
69.4%
Peter Ndlovu
69.4%
Steve Nicol
69.4%
Ian Culverhouse
69.4%
Phil Whelan
68.8%
Andy Impey
68.8%
Terry Phelan
68.5%
Chris Kiwomya
68.2%
David Bardsley
67.4%
Erland Johnsen
67.1%
Barry Venison
66.6%
Barry Horne
65.7%
Mark Bowen
65.7%
Jeff Kenna
65.7%
Gary Ablett
64.9%
Roland Nilsson
64.3%
Steve Potts
64.3%
Matt Jackson
64.1%
Steve Wood
63%
Vinny Samways
61.8%
Fraser Digby
61.6%
% Correct
Garry Flitcroft
61%
John Moncur
61%
Mark Ward
60.4%
Mitch Ward
60.4%
Lawrie Sanchez
60.4%
Mark Beeney
60.2%
Dean Austin
60.2%
Jason Dozzell
59.6%
Ian Bishop
59.6%
Ian Crook
59.3%
Nigel Worthington
59.3%
John Ebbrell
59.1%
Nicky Summerbee
59.1%
Trevor Morley
58.8%
Jon Newsome
58.2%
Peter Atherton
57.9%
David Rocastle
57.7%
Steve Sedgley
57.4%
Eddie McGoldrick
56.8%
Neil Thompson
56.8%
Tim Breacker
56.8%
Peter Beagrie
54.6%
Steve McMahon
53.8%
Richard Jobson
53.8%
Scott Sellars
53.5%
David Linighan
52.9%
Rick Holden
52.9%
Neil Pointon
52.6%
Tony Gale
52.1%
Mike Sheron
51.8%
Mike Milligan
50.4%
Jan Stejskal
49.9%
Paul Bracewell
49%
John Polston
48.7%
Richard Edghill
48.5%
Neil Maddison
48.2%
Michel Vonk
47.9%
Rob Newman
47.9%
Simon Barker
47.6%
Nick Henry
46.2%
Glyn Hodges
46%
Dane Whitehouse
45.7%
Peter Fear
44.6%
Steve Redmond
44.3%
Jon Hallworth
43.7%
Stuart Slater
43.2%
Graham Hyde
43.2%
Mick Stockwell
42.9%
Gary Megson
42.6%
Gary Penrice
42.6%
Paul Bodin
42.6%
Andy Mutch
42.6%
Kevin Scott
42.3%
Sean Flynn
41.5%
Neil Shipperley
40.4%
Simon Charlton
40.4%
Jakob Kjeldbjerg
39.6%
Craig Fleming
39.6%
Paul Beesley
39.3%
Paul Bernard
38.7%
Kevin Horlock
38.7%
Steve Yates
38.4%
Mal Donaghy
37%
Steve Morgan
36.8%
David Rennie
35.4%
Alan Kernaghan
35.4%
Gary Elkins
35.4%
Martin Ling
35.1%
Scott Fitzgerald
34.8%
Luc Nijholt
33.4%
Carl Bradshaw
33.1%
Julian Darby
32.9%
Matty Holmes
32.9%
Paul Rogers
32.6%
Chris Makin
30.4%
Adrian Whitbread
29.5%
Peter Butler
27.9%
Roger Nilsen
25.9%
David Tuttle
25.1%
Willie Falconer
20.3%

You're not logged in!

Compare scores with friends on all Sporcle quizzes.
Join for Free
OR
Log In

You Might Also Like...

Show Comments

Extras

Top Quizzes Today


Score Distribution

Your Account Isn't Verified!

In order to create a playlist on Sporcle, you need to verify the email address you used during registration. Go to your Sporcle Settings to finish the process.

Report this User

Report this user for behavior that violates our Community Guidelines.

Details: